00898nas a2200253 a 4500003000400000005001700004007000300021008004100024022001400065040000900079110005300088210001300141222002000154245006400174246005300238260008600291300000700377310001500384500001900399501007300418650003400491650005200525711006700577OSt20260311111535.0ta260311d1975 |||qn|g|r|||| 00| spa d a0304-0100 aCHAP0 aInstituto Interamericano de Ciencias Agrícolas1 aIICA Am. aIICA América  aEl IICA en América :bboletín sobre el desarrollo rural11aInstituto Interamericano de Ciencias Agrícolas aTurrialba, Costa Rica :bInstituto Interamericano de Ciencias Agrícolas,c1975- av. aTrimestral aEmpezo en 1975 aEditado también en inglés : IICA in the Americans ISSN 0250-595904aAgriculturazAmérica Latina04aAgriculturaxAmérica LatinaxInvestigación  aInstituto Interamericano de Cooperación para la Agricultura